Runasimimanta yuyaychakusun : (Record no. 20142)

000 -CABECERA
fixed length control field 00873nam a22002177a 4500
003 - IDENTIFICADOR DEL NÚMERO DE CONTROL
control field AR-CdUCM
008 - DATOS DE LONGITUD FIJA--INFORMACIÓN GENERAL
fixed length control field 190527b ||||| |||| 00| 0 spa d
020 ## - NÚMERO INTERNACIONAL ESTÁNDAR DEL LIBRO
ISBN 84-8387-013-4
040 ## - FUENTE DE LA CATALOGACIÓN
Agencia/entidad que catalogó originalmente la obra MUNICIPALIDAD PROVINCIAL DEL CUSCO
Entidad que transcribió la catalogación BIBLIOTECA MUNICIPAL DEL CUSCO
082 ## - NÚMERO DE LA CLASIFICACIÓN DECIMAL DEWEY
No. de Clasificación 498.53 /
Notacion interna G63
100 ## - ENTRADA PRINCIPAL--NOMBRE DE PERSONA
Nombre Personal Gondenzzi, Juan Carlos y Vengoa Zúñiga, Jannett
110 ## - ENTRADA PRINCIPAL--NOMBRE DE ENTIDAD CORPORATIVA
Nombre de la institución, jurisdicción como entrada principal Asociación Pukllasunchis - Cusco
9 (RLIN) 27515
245 ## - MENCIÓN DE TÍTULO
Título Runasimimanta yuyaychakusun :
Resto del título Manual de lingüística quechua para bilingües /
260 ## - PUBLICACIÓN, DISTRIBUCIÓN, ETC.
Lugar de publicación, distribución, etc. Cusco :
Nombre de la editorial, distribuidor, etc. "Bartolomé de las casas",
Fecha de publicación, distribución, etc. 1994.
300 ## - DESCRIPCIÓN FÍSICA
Nº de Páginas Extensión 201 páginas ;
Dimensiones Ilustraciones a b/n
505 ## - NOTA DE CONTENIDO CON FORMATO
Nota de contenido formateada Contenido: Deixis(coordenadas de la conversación) -- Actos de habla -- Construcción del texto -- Construcción semántica...
650 ## - PUNTO DE ACCESO ADICIONAL DE MATERIA--TÉRMINO DE MATERIA
Descriptor Quechua
9 (RLIN) 2063
650 ## - PUNTO DE ACCESO ADICIONAL DE MATERIA--TÉRMINO DE MATERIA
Descriptor Quechua cusqueña
9 (RLIN) 42125
942 ## - ELEMENTOS DE PUNTO DE ACCESO ADICIONAL (KOHA)
Fuente de clasificación
Tipo de item Libros-BMC
945 ## - PROCESAMIENTO DE INFORMACIÓN LOCAL (OCLC)
Catalogador Andy
Holdings
Estado de retiro (separado) Fuente de clasificación o esquema de estanterías Estado dañado Ubicación Sala donde se ubica Nombre de la colección Fecha de adquisición o compra Costo, precio normal en soles Signatura topográfica Código de Barras Última vez visto (Koha) Tipo de ítem (Koha)
No     Sala Humanidades Sala Humanidades Book Cart 2019-05-27 30.00 498.53 / G63 SH0000015411 2019-05-27 Libros-BMC

Powered by Koha